00974nam a2200217 i 450000100060000000300090000600500170001500700030003200800410003510000400007624501910011626000630030730000490037049000250041970000500044471000580049483000330055285200320058599900170061795201220063442335ES-MaACL20250728085521.0t|030313s1972 sp ||||1| spa d1 aCastillo López, Angel del.93675110aInventario de la riqueza monumental y artística de Galicia / cpor Angel del Castillo López (1886-1961) ; introducción y bibliografía complementaria de José Filgueira Valverde. aSantiago de Compostela : bBibliófilos Gallegos, c1972. a715 p., 188 lám. : bretr. aut. ; c24 cm.1 aEnciclopedia gallega1 aFilgueira Valverde, José,d1906-19969508332 aBibliófilos Gallegos (Santiago de Compostela)921640 aEnciclopedia gallega9229819 aES-MaACLjC-54827 bR.87685 c42335d42335 00104070aATENEOMbATENEOMcDEPO2d2008-01-17eSCl0oC-54827p1044551r2023-02-23 00:00:00w2023-02-23yMONOGRAFIA